|
|
|
|
| LEADER |
01371nam a2200289 a 4500 |
| 001 |
0017289 |
| 003 |
BD-DhAAL |
| 008 |
090601s2005 nyua b 001 0 eng d |
| 020 |
|
|
|a 1844135845 (pbk.)
|
| 040 |
|
|
|a CO2
|c CO2
|d IXA
|d OCLCQ
|d CEO
|d BD-DhAAL
|
| 082 |
0 |
0 |
|a 658.0973
|2 22
|
| 100 |
1 |
|
|a Collins, James C.
|q (James Charles),
|d 1958-
|
| 245 |
1 |
0 |
|a Built to last :
|b successful habits of visionary companies /
|c James C. Collins, Jerry I. Porras.
|
| 250 |
|
|
|a Tenth Anniversary edition.
|
| 260 |
|
|
|a New York :
|b HarperBusiness Essentials,
|c c2005.
|
| 300 |
|
|
|a xxiv, 342 p. :
|b ill. ;
|c 21 cm
|
| 504 |
|
|
|a Includes bibliographical references and index.
|
| 526 |
|
|
|a AAL
|x Dr. Salehuddin Ahmed
Former Pro-Vice Chancellor
BRAC University
|
| 541 |
1 |
|
|e 0017289
|a A H Development Publishing House
|
| 650 |
|
0 |
|a Success in business
|z United States.
|9 11818
|
| 650 |
|
0 |
|a Industrial management
|z United States.
|
| 650 |
|
0 |
|a Entrepreneurship
|z United States.
|
| 700 |
1 |
|
|a Porras, Jerry I.
|9 12993
|
| 852 |
4 |
|
|a Ayesha Abed Library
|c General Stacks
|
| 942 |
|
|
|2 ddc
|c BK
|
| 999 |
|
|
|c 1276
|d 1276
|
| 952 |
|
|
|0 0
|1 0
|2 ddc
|4 0
|6 658_097300000000000_COL
|7 0
|9 1159
|a BRACUL
|b BRACUL
|c GEN
|d 2009-06-25
|e A H Development Publishing House
|g 2800.00
|l 5
|m 17
|o 658.0973 COL
|p 3010017289
|r 2020-03-08
|s 2020-01-12
|t 1
|w 2009-06-25
|y BK
|x Requisitioned by Dr. Salehuddin Ahmed, Former Pro-Vice Chancellor, BRAC University.
|